CLINICAL ORTHOPEDIC DIAGNOSIS (Record no. 14596)
[ view plain ]
| 000 -LEADER | |
|---|---|
| fixed length control field | 00291nam a22001337a 4500 |
| 003 - CONTROL NUMBER IDENTIFIER | |
| control field | SGT |
| 082 ## - DEWEY DECIMAL CLASSIFICATION NUMBER | |
| Classification number | 613.3 |
| Item number | C09P |
| 100 ## - MAIN ENTRY--PERSONAL NAME | |
| Personal name | PANDEY, SURESHWAR |
| 245 ## - TITLE STATEMENT | |
| Title | CLINICAL ORTHOPEDIC DIAGNOSIS |
| 260 ## - PUBLICATION, DISTRIBUTION, ETC. (IMPRINT) | |
| Place of publication, distribution, etc | INDIA |
| Name of publisher, distributor, etc | JAYPEE |
| Year of Publication | 2009 |
| 300 ## - PAGE DESCRIPTION | |
| No. of Pages | 729 |
| 650 ## - SUBJECT ADDED ENTRY--TOPICAL TERM | |
| Topical term or geographic name as entry element | ORTHOPEDIC |
| 942 ## - ADDED ENTRY ELEMENTS (KOHA) | |
| Source of classification or shelving scheme | Dewey Decimal Classification |
| Koha item type | Books |
| Withdrawn status | Lost status | Source of classification or shelving scheme | Damaged status | Not for loan | Collection code | Home library | Current library | Shelving location | Date acquired | Vendor Name | SGTU | Total Checkouts | Full call number | Accession No. (Barcode) | Date last seen | Bill Date | Koha item type |
|---|---|---|---|---|---|---|---|---|---|---|---|---|---|---|---|---|---|
| Dewey Decimal Classification | MEDICAL | SGT Medical Library | SGT Medical Library | Text Book | 17/01/2018 | ABC | SGTU | 613.3 C09P | FM9411 | 17/01/2018 | 17/01/2018 | Books | |||||
| Dewey Decimal Classification | MEDICAL | SGT Medical Library | SGT Medical Library | Text Book | 17/01/2018 | ABC | SGTU | 613.3 C09P | FM9412 | 17/01/2018 | 17/01/2018 | Books |